| 000 | 00620nam a22001577a 4500 | ||
|---|---|---|---|
| 003 | OSt | ||
| 005 | 20151006141003.0 | ||
| 008 | 151006b xxu||||| |||| 00| 0 eng d | ||
| 040 | _cRUA | ||
| 082 | _aAVM KLE 2006 B076 Or.1 | ||
| 100 |
_92167 _aKLEY, KIMSOT. |
||
| 245 | _aThe effect of supper bokashi supplementation in to hi-gro feed on growth rate of broiler chiken(AVIAN), ឥទ្ធពលនៃការបន្ថែមSupper Bokashi HI-GRO ទៅលើការលូតលាស់របស់មាន់ពូជAVIAN | ||
| 260 |
_aPhnom Penh _bRUA _c2006 |
||
| 300 |
_a41p. _bill. _c29cm. |
||
| 942 |
_2ddc _cAVM |
||
| 999 |
_c2039 _d2039 |
||